[Event "GER-chT U20"]
[Site "Magdeburg"]
[Date "2023.12.30"]
[Round "7.2"]
[White "Geltz, Noah"]
[Black "Woelk, Tom Frederic"]
[Result "0-1"]
[WhiteElo "2166"]
[BlackElo "2377"]
[PlyCount "52"]
[EventDate "2023.12.26"]
[EventType "team-swiss"]
[EventRounds "7"]
[EventCountry "GER"]
[SourceTitle "CB03_2024"]
[SourceDate "2024.01.17"]
[SourceVersion "1"]
[SourceVersionDate "2024.01.17"]
[SourceQuality "1"]
[WhiteTeam "Biberach"]
[BlackTeam "Hamburger SK"]
[WhiteTeamCountry "GER"]
[BlackTeamCountry "GER"]

1. d4 Nf6 2. Bf4 d5 3. Nf3 e6 4. e3 c5 5. Nbd2 Nc6 6. c3 Nh5 7. Bg5 f6 8. Bh4 g6 9. Bd3 Be7 10. 0-0 c4 11. Be2 b5 12. b4 a5 13. a3 0-0 14. e4 dxe4 15. Nxe4 Nf4 16. Bg3 Nd5 17. Qd2 f5 18. Neg5 f4 19. Bh4 h6 20. Qc2 Kg7 21. Ne4 Bxh4 22. Nxh4 Qxh4 23. a4 f3 24. Bxf3 Rxf3 25. gxf3 Nf4 26. Qd2 g5 0-1

[Event "GER-chT U20"]
[Site "Magdeburg"]
[Date "2023.12.27"]
[Round "2.1"]
[White "Woelk, Tom Frederic"]
[Black "Reimer, Philip"]
[Result "1-0"]
[WhiteElo "2377"]
[BlackElo "2152"]
[PlyCount "53"]
[EventDate "2023.12.26"]
[EventType "team-swiss"]
[EventRounds "7"]
[EventCountry "GER"]
[SourceTitle "CB03_2024"]
[SourceDate "2024.01.17"]
[SourceVersion "1"]
[SourceVersionDate "2024.01.17"]
[SourceQuality "1"]
[WhiteTeam "Hamburger SK"]
[BlackTeam "Lehrte"]
[WhiteTeamCountry "GER"]
[BlackTeamCountry "GER"]

1. d4 Nf6 2. c4 e6 3. Nc3 Bb4 4. f3 c5 5. d5 0-0 6. e4 d6 7. Nge2 b5 8. Nf4 Qb6 9. Bd2 a6 10. a4 e5 11. Nfe2 bxc4 12. Ng3 Kh8 13. Bxc4 Ng8 14. h4 Ne7 15. h5 f5 16. h6 g6 17. Bg5 Qa7 18. f4 fxe4 19. fxe5 Nf5 20. Ngxe4 dxe5 21. 0-0 Nd7 22. g4 Nd4 23. Be7 Rf4 24. d6 Bb7 25. Rxf4 exf4 26. Ng5 Ne5 27. Bf6# 1-0

[Event "Dortmund Sparkassen op 50th"]
[Site "Dortmund"]
[Date "2023.07.02"]
[Round "9"]
[White "Woelk, Tom Frederic"]
[Black "Rathanvel, VS."]
[Result "0-1"]
[WhiteElo "2318"]
[BlackElo "2463"]
[PlyCount "66"]
[EventDate "2023.06.24"]
[EventType "swiss"]
[EventRounds "9"]
[EventCountry "GER"]
[SourceTitle "CBM 215 Extra"]
[Source "ChessBase"]
[SourceDate "2023.09.30"]
[SourceVersion "1"]
[SourceVersionDate "2023.09.30"]
[SourceQuality "1"]

1. e4 c5 2. Nf3 d6 3. Nc3 a6 4. d4 cxd4 5. Nxd4 Nf6 6. Bg5 Nbd7 7. Qe2 e6 8. f4 Qc7 9. f5 e5 10. Nb3 b5 11. 0-0-0 Be7 12. a3 Bb7 13. Kb1 h5 14. Nc1 Rc8 15. Bxf6 Nxf6 16. N1a2 Qb6 17. h3 Rc4 18. Qe1 Rxe4 19. Nxe4 Nxe4 20. Nc3 Nf2 21. Be2 Nxd1 22. Bxd1 Bxg2 23. Rh2 Bc6 24. Qg3 Kf8 25. Ka2 h4 26. Qg4 Qb7 27. Rf2 d5 28. Bf3 e4 29. Bg2 Bf6 30. Ne2 b4 31. axb4 Qxb4 32. c3 Qa4+ 33. Kb1 Qd1+ 0-1

[Event "Dortmund Sparkassen op 50th"]
[Site "Dortmund"]
[Date "2023.06.30"]
[Round "7"]
[White "Korneev, Oleg"]
[Black "Woelk, Tom Frederic"]
[Result "1/2-1/2"]
[WhiteElo "2466"]
[BlackElo "2318"]
[PlyCount "41"]
[EventDate "2023.06.24"]
[EventType "swiss"]
[EventRounds "9"]
[EventCountry "GER"]
[SourceTitle "CBM 215 Extra"]
[Source "ChessBase"]
[SourceDate "2023.09.30"]
[SourceVersion "1"]
[SourceVersionDate "2023.09.30"]
[SourceQuality "1"]

1. e4 e5 2. Nf3 Nc6 3. Bb5 a6 4. Ba4 Nf6 5. 0-0 b5 6. Bb3 Bc5 7. Nc3 0-0 8. d3 h6 9. Nd5 d6 10. a4 Rb8 11. axb5 axb5 12. c3 Nxd5 13. Bxd5 Ne7 14. Bb3 Ng6 15. d4 Bb6 16. dxe5 dxe5 17. Qxd8 Rxd8 18. Be3 Kf8 19. h4 f6 20. Bxb6 Rxb6 21. g3 1/2-1/2

[Event "Dortmund Sparkassen op 50th"]
[Site "Dortmund"]
[Date "2023.06.27"]
[Round "4"]
[White "Woelk, Tom Frederic"]
[Black "Laurent Paoli, Pierre"]
[Result "1/2-1/2"]
[WhiteElo "2318"]
[BlackElo "2552"]
[PlyCount "41"]
[EventDate "2023.06.24"]
[EventType "swiss"]
[EventRounds "9"]
[EventCountry "GER"]
[SourceTitle "CBM 215 Extra"]
[Source "ChessBase"]
[SourceDate "2023.09.30"]
[SourceVersion "1"]
[SourceVersionDate "2023.09.30"]
[SourceQuality "1"]

1. e4 e6 2. d4 d5 3. Nc3 Nf6 4. e5 Nfd7 5. f4 c5 6. Nf3 Be7 7. Be3 0-0 8. Qd2 a6 9. dxc5 Nxc5 10. h4 Nc6 11. a3 b5 12. h5 Bb7 13. Qf2 b4 14. Bxc5 bxc3 15. b4 f6 16. Bb6 Qd7 17. Qg3 Bd8 18. Bc5 Be7 19. Bb6 Bd8 20. Bc5 Be7 21. Bb6 1/2-1/2

[Event "Hamburg Easter op"]
[Site "Hamburg"]
[Date "2023.04.09"]
[Round "5"]
[White "Parvanyan, Ashot"]
[Black "Woelk, Tom Frederic"]
[Result "1/2-1/2"]
[WhiteElo "2429"]
[BlackElo "2292"]
[PlyCount "89"]
[EventDate "2023.04.07"]
[EventType "swiss"]
[EventRounds "7"]
[EventCountry "GER"]
[SourceTitle "EXT 2024"]
[Source "ChessBase"]
[SourceDate "2023.10.10"]
[SourceVersion "1"]
[SourceVersionDate "2023.10.10"]
[SourceQuality "1"]

1. Nf3 d5 2. g3 Nf6 3. Bg2 e6 4. 0-0 c5 5. c4 d4 6. e3 Nc6 7. exd4 cxd4 8. d3 h6 9. Na3 Bc5 10. Re1 Nd7 11. Nd2 0-0 12. Ne4 Bb4 13. Re2 f5 14. Nd2 e5 15. Nc2 Bd6 16. Re1 Qf6 17. Rb1 a5 18. Qe2 Nc5 19. Nb3 Nd7 20. Qh5 a4 21. Nbxd4 Nxd4 22. Nxd4 Nc5 23. Nb5 Nxd3 24. Rd1 e4 25. Nxd6 Qxd6 26. Be3 Be6 27. b3 axb3 28. Rxb3 Rf7 29. Rb6 Qe5 30. Rdb1 Bxc4 31. h4 Rxa2 32. Rxb7 Nxf2 33. Rb8+ Kh7 34. R1b6 Qa1+ 35. Rb1 Ng4 36. Bxe4 Qe5 37. Qxg4 Qxe4 38. Qxe4 fxe4 39. Bf4 Kg6 40. R1b7 Ra7 41. Rxf7 Rxf7 42. Rc8 Be6 43. Rc7 Bd7 44. Kf2 Kf5 45. Ke3 1/2-1/2

[Event "Hamburg Easter op"]
[Site "Hamburg"]
[Date "2023.04.08"]
[Round "3"]
[White "Parvanyan, Alfred"]
[Black "Woelk, Tom Frederic"]
[Result "0-1"]
[WhiteElo "2125"]
[BlackElo "2292"]
[PlyCount "92"]
[EventDate "2023.04.07"]
[EventType "swiss"]
[EventRounds "7"]
[EventCountry "GER"]
[SourceTitle "EXT 2024"]
[Source "ChessBase"]
[SourceDate "2023.10.10"]
[SourceVersion "1"]
[SourceVersionDate "2023.10.10"]
[SourceQuality "1"]

1. d4 Nf6 2. c4 e6 3. Nc3 Bb4 4. Qb3 c5 5. Nf3 Ne4 6. e3 Qa5 7. Bd2 Nxd2 8. Nxd2 cxd4 9. exd4 e5 10. d5 Bxc3 11. bxc3 Na6 12. Be2 0-0 13. 0-0 d6 14. Rfc1 Nc5 15. Qb4 Qc7 16. Nb3 Na6 17. Qa5 b6 18. Qb5 Qb7 19. a4 Bd7 20. Na5 Qc8 21. Nc6 Bxc6 22. dxc6 Nc5 23. Rd1 Qc7 24. Rdb1 Rab8 25. h3 g6 26. Rd1 a6 27. Qb4 Qxc6 28. a5 bxa5 29. Qxa5 Nb3 30. Qa4 Qxa4 31. Rxa4 Nc5 32. Rb4 Ne4 33. Bf3 Nxc3 34. Rxb8 Rxb8 35. Rd3 Rb3 36. Kh2 Kf8 37. Rxd6 e4 38. Bd1 Ke7 39. Rd4 Rb2 40. Kg3 Rb1 41. Bc2 Ne2+ 42. Kh4 Nxd4 43. Bxb1 f5 44. Kg5 Ne6+ 45. Kh6 a5 46. Kxh7 f4 0-1

[Event "Hamburg Easter op"]
[Site "Hamburg"]
[Date "2023.04.07"]
[Round "1"]
[White "Dorendorf, Mika"]
[Black "Woelk, Tom Frederic"]
[Result "0-1"]
[WhiteElo "1717"]
[BlackElo "2292"]
[PlyCount "64"]
[EventDate "2023.04.07"]
[EventType "swiss"]
[EventRounds "7"]
[EventCountry "GER"]
[SourceTitle "EXT 2024"]
[Source "ChessBase"]
[SourceDate "2023.10.10"]
[SourceVersion "1"]
[SourceVersionDate "2023.10.10"]
[SourceQuality "1"]

1. d4 Nf6 2. c4 e6 3. Nc3 Bb4 4. e3 b6 5. Nf3 Bb7 6. Be2 0-0 7. 0-0 c5 8. Qc2 Nc6 9. a3 cxd4 10. exd4 Bxc3 11. Qxc3 d5 12. c5 a5 13. Bf4 a4 14. Bd6 Ne4 15. Qc2 Nxd6 16. cxd6 Qxd6 17. Bb5 Rfc8 18. Qd1 Ra5 19. Bxa4 b5 20. Bc2 b4 21. a4 Ra7 22. Re1 g6 23. Ne5 Nxe5 24. dxe5 Qb6 25. Re3 d4 26. Re2 Ra5 27. Be4 Ba6 28. Bd3 b3 29. Bxa6 Qxa6 30. Rd2 Rxa4 31. Rxa4 Qxa4 32. Rxd4 Qxd4 0-1

[Event "Hamburg Easter op"]
[Site "Hamburg"]
[Date "2023.04.07"]
[Round "2"]
[White "Woelk, Tom Frederic"]
[Black "Debertshaeuser, Joern"]
[Result "1-0"]
[WhiteElo "2292"]
[BlackElo "2049"]
[PlyCount "63"]
[EventDate "2023.04.07"]
[EventType "swiss"]
[EventRounds "7"]
[EventCountry "GER"]
[SourceTitle "EXT 2024"]
[Source "ChessBase"]
[SourceDate "2023.10.10"]
[SourceVersion "1"]
[SourceVersionDate "2023.10.10"]
[SourceQuality "1"]

1. e4 c5 2. Nf3 Nc6 3. d4 cxd4 4. Nxd4 Nf6 5. Nc3 e5 6. Ndb5 d6 7. Nd5 Nxd5 8. exd5 Ne7 9. c4 Nf5 10. Bd3 g6 11. 0-0 a6 12. Nc3 Bg7 13. Bd2 0-0 14. b4 b6 15. a4 Rb8 16. Ra3 Nd4 17. Be3 Nf5 18. Bd2 Nd4 19. f3 Qc7 20. Be3 Bf5 21. Ne2 Bxd3 22. Qxd3 Rfc8 23. Rc1 Nxe2+ 24. Qxe2 a5 25. Rb3 b5 26. cxb5 Qxc1+ 27. Bxc1 Rxc1+ 28. Kf2 Rbc8 29. b6 axb4 30. b7 Rb8 31. Qa6 Rc2+ 32. Kg3 1-0

[Event "BL2-Nord 2223"]
[Site "Germany"]
[Date "2023.02.05"]
[Round "6.6"]
[White "Von Herman, Ulf"]
[Black "Woelk, Tom Frederic"]
[Result "0-1"]
[WhiteElo "2332"]
[BlackElo "2289"]
[PlyCount "68"]
[EventDate "2022.10.22"]
[EventType "team-tourn"]
[EventRounds "10"]
[EventCountry "GER"]
[SourceTitle "EXT 2024"]
[Source "ChessBase"]
[SourceDate "2023.10.10"]
[SourceVersion "1"]
[SourceVersionDate "2023.10.10"]
[SourceQuality "1"]
[WhiteTeam "Koenig Tegel"]
[BlackTeam "Hamburger SK II"]
[WhiteTeamCountry "GER"]
[BlackTeamCountry "GER"]

1. d4 Nf6 2. c4 e6 3. Nc3 Bb4 4. Bd2 b6 5. Nf3 0-0 6. g3 Ba6 7. Qa4 c5 8. a3 Bxc3 9. Bxc3 d5 10. cxd5 exd5 11. e3 Bxf1 12. Kxf1 c4 13. Qc2 Nc6 14. Ne5 Qc7 15. Nxc6 Qxc6 16. a4 Rfe8 17. Kg2 Re6 18. Rhc1 Qd7 19. Qf5 Ne4 20. Be1 Rae8 21. Qg4 Qd8 22. b3 cxb3 23. Rcb1 Rg6 24. Qe2 Qc8 25. h4 Qc4 26. Rb2 Rc8 27. Qd1 Rf6 28. h5 h6 29. Ra3 Qc1 30. Qxc1 Rxc1 31. Kf1 Nxg3+ 32. Kg2 Ne4 33. Kf1 Nxf2 34. Ke2 Rxe1+ 0-1

[Event "GER-chT U20"]
[Site "Muenster"]
[Date "2022.12.29"]
[Round "5"]
[White "Woelk, Tom Frederic"]
[Black "Beyer, Lorenz"]
[Result "1/2-1/2"]
[WhiteElo "2281"]
[BlackElo "1883"]
[PlyCount "90"]
[EventDate "2022.12.26"]
[EventType "team-swiss"]
[EventRounds "7"]
[EventCountry "GER"]
[SourceTitle "CBM 212 Extra"]
[Source "ChessBase"]
[SourceDate "2023.03.31"]
[SourceVersion "1"]
[SourceVersionDate "2023.03.31"]
[SourceQuality "1"]
[WhiteTeam "Hamburger SK"]
[BlackTeam "Barnim Schachfreunde"]
[WhiteTeamCountry "GER"]
[BlackTeamCountry "GER"]

1. e4 e6 2. d4 d5 3. Nc3 Nf6 4. e5 Nfd7 5. f4 a6 6. Nf3 c5 7. Be3 Nc6 8. Qd2 b5 9. a3 Bb7 10. Be2 cxd4 11. Nxd4 Nxd4 12. Bxd4 Bc5 13. Bxc5 Nxc5 14. Bf3 Qc7 15. 0-0 Rd8 16. Ne2 0-0 17. Nd4 Na4 18. c3 Nb6 19. Rae1 Nc4 20. Qf2 Rfe8 21. Kh1 Qb6 22. Re2 a5 23. Qg3 b4 24. axb4 axb4 25. f5 exf5 26. e6 Rxe6 27. Nxf5 g6 28. Nh6+ Kg7 29. Rxe6 fxe6 30. Be2 Rf8 31. Rxf8 Kxf8 32. Qf4+ Ke8 33. h3 bxc3 34. bxc3 Nd6 35. Qe5 Kd7 36. Ng4 Ne4 37. Qg7+ Kc8 38. Qg8+ Qd8 39. Qxe6+ Kb8 40. Bf3 Nxc3 41. Nf6 Qc7 42. Nd7+ Ka7 43. Qe3+ Ka8 44. Nc5 Ne4 45. Nxe4 dxe4 1/2-1/2

[Event "GER-ch Rapid 48th"]
[Site "Goettingen"]
[Date "2022.09.25"]
[Round "8"]
[White "Langrock, Hannes"]
[Black "Woelk, Tom Frederic"]
[Result "0-1"]
[WhiteElo "2358"]
[BlackElo "2289"]
[PlyCount "90"]
[EventDate "2022.09.24"]
[EventType "swiss (rapid)"]
[EventRounds "9"]
[EventCountry "GER"]
[SourceTitle "CBM 210 Extra"]
[Source "ChessBase"]
[SourceDate "2022.11.30"]
[SourceVersion "1"]
[SourceVersionDate "2022.11.30"]
[SourceQuality "1"]

1. d4 d5 2. Nf3 Nf6 3. g3 c6 4. Bg2 Bf5 5. c4 e6 6. Nc3 Nbd7 7. Qb3 Qb6 8. c5 Qc7 9. Bf4 Qc8 10. Nh4 Be7 11. 0-0 0-0 12. Nxf5 exf5 13. Bh3 g6 14. Qc2 Ne4 15. f3 Ng5 16. Bxg5 Bxg5 17. Qd3 Re8 18. e4 fxe4 19. fxe4 Nxc5 20. Bxc8 Nxd3 21. Bxb7 Rab8 22. Bxc6 Rec8 23. exd5 Be3+ 24. Kg2 Rxb2+ 25. Kf3 Bxd4 26. Ke4 Bxc3 27. Kxd3 Rd2+ 28. Kxc3 Rxd5 29. Rf6 Rc5+ 30. Kd3 R8xc6 31. Rxc6 Rxc6 32. a4 Kg7 33. Rb1 Rd6+ 34. Ke3 Rb6 35. Ra1 Rb3+ 36. Kf4 a5 37. Ra2 Kf6 38. h4 Rb4+ 39. Kf3 Kf5 40. Ra3 h5 41. Rc3 Rxa4 42. Rc5+ Kf6 43. Rc6+ Kg7 44. Ra6 Ra3+ 45. Kf4 Ra1 0-1

[Event "GER-ch Rapid 48th"]
[Site "Goettingen"]
[Date "2022.09.25"]
[Round "9"]
[White "Woelk, Tom Frederic"]
[Black "Lubbe, Nikolas"]
[Result "1/2-1/2"]
[WhiteElo "2289"]
[BlackElo "2479"]
[PlyCount "112"]
[EventDate "2022.09.24"]
[EventType "swiss (rapid)"]
[EventRounds "9"]
[EventCountry "GER"]
[SourceTitle "CBM 210 Extra"]
[Source "ChessBase"]
[SourceDate "2022.11.30"]
[SourceVersion "1"]
[SourceVersionDate "2022.11.30"]
[SourceQuality "1"]

1. e4 c5 2. Nf3 Nc6 3. d4 cxd4 4. Nxd4 Nf6 5. Nc3 d6 6. Bg5 Qb6 7. Nb3 e6 8. Qd2 Be7 9. 0-0-0 0-0 10. f3 Rd8 11. Be3 Qc7 12. Qf2 d5 13. exd5 Nxd5 14. Nxd5 exd5 15. Kb1 Bf6 16. Bb5 Be6 17. Nd4 Ne5 18. Rhe1 Qa5 19. Nxe6 fxe6 20. Bd4 Qxb5 21. Bxe5 Bxe5 22. Rxe5 Rd6 23. Rde1 Rb6 24. Qd4 Rf8 25. b3 Rf6 26. f4 Kf7 27. g4 Qb4 28. Qxb4 Rxb4 29. f5 Rxg4 30. fxe6+ Ke7 31. Rxd5 Rxe6 32. Red1 Kf6 33. Rd7 Re7 34. R7d2 h5 35. Rf2+ Kg5 36. c4 Kh4 37. Kb2 g5 38. c5 Rge4 39. Rdd2 g4 40. Rc2 Kh3 41. Rc3+ Re3 42. b4 h4 43. Re2 Rxc3 44. Rxe7 Rc4 45. Kb3 Rc1 46. Rh7 a5 47. a3 axb4 48. axb4 Rb1+ 49. Kc4 Rb2 50. Rxb7 Kxh2 51. Rh7 h3 52. c6 Rc2+ 53. Kd5 g3 54. b5 g2 55. Rg7 g1Q 56. Rxg1 Kxg1 1/2-1/2

[Event "GER-ch Rapid 48th"]
[Site "Goettingen"]
[Date "2022.09.24"]
[Round "5"]
[White "Laux, Dominik"]
[Black "Woelk, Tom Frederic"]
[Result "1-0"]
[WhiteElo "2248"]
[BlackElo "2289"]
[PlyCount "67"]
[EventDate "2022.09.24"]
[EventType "swiss (rapid)"]
[EventRounds "9"]
[EventCountry "GER"]
[SourceTitle "CBM 210 Extra"]
[Source "ChessBase"]
[SourceDate "2022.11.30"]
[SourceVersion "1"]
[SourceVersionDate "2022.11.30"]
[SourceQuality "1"]

1. d4 d5 2. Bf4 Nf6 3. e3 c5 4. c3 Qb6 5. Qb3 c4 6. Qc2 g6 7. Nd2 Bf5 8. Qc1 Nh5 9. Be5 f6 10. Bxb8 Rxb8 11. Be2 Be6 12. b3 cxb3 13. axb3 Bh6 14. Qa3 a6 15. Ngf3 Qc7 16. c4 0-0 17. 0-0 Ng7 18. Rac1 Qd7 19. Rc3 Rfc8 20. Rfc1 Ne8 21. cxd5 Rxc3 22. Rxc3 Bxd5 23. Qc1 Nd6 24. Nc4 b5 25. Nxd6 Qxd6 26. Nd2 Rb6 27. Bf3 Bxf3 28. Rc8+ Kf7 29. Nxf3 Qb4 30. Nd2 a5 31. Ra8 Bg7 32. Qc8 f5 33. Nf3 Qxb3 34. Qg8+ 1-0

[Event "Titled Tuesday intern op 23rd Aug Late"]
[Site "Chess.com INT"]
[Date "2022.08.23"]
[Round "3"]
[White "Woelk, Tom Frederic"]
[Black "Gubajdullin, Alexey"]
[Result "0-1"]
[WhiteElo "2292"]
[BlackElo "2300"]
[PlyCount "76"]
[EventDate "2022.08.23"]
[EventType "swiss (blitz)"]
[EventRounds "11"]
[EventCountry "USA"]
[SourceTitle "EXT 2023"]
[Source "ChessBase"]
[SourceDate "2022.10.05"]
[SourceVersion "1"]
[SourceVersionDate "2022.10.05"]
[SourceQuality "1"]

1. e4 c6 2. d4 d5 3. e5 Bf5 4. h4 h5 5. Bd3 Bxd3 6. Qxd3 Qa5+ 7. Nd2 Qa6 8. c4 e6 9. Ngf3 Bb4 10. 0-0 Ne7 11. a3 Bxd2 12. Nxd2 Nf5 13. b3 Nxh4 14. Bb2 Nf5 15. b4 dxc4 16. Nxc4 Qb5 17. Qxf5 exf5 18. Nd6+ Ke7 19. Nxb5 cxb5 20. d5 Rd8 21. Rfd1 Na6 22. g3 Rac8 23. Rd2 Rc4 24. Kg2 Rdc8 25. e6 Rc2 26. d6+ Kxe6 27. d7 Rd8 28. Rxc2 f6 29. Re1+ Kf7 30. Rd2 Nb8 31. f4 a6 32. Red1 Nc6 33. Kh3 Ne7 34. Rc1 Nc6 35. Kh4 Ke7 36. Kxh5 Kf7 37. Bxf6 gxf6 38. Kh4 Rh8# 0-1

[Event "Titled Tuesday intern op 23rd Aug Late"]
[Site "Chess.com INT"]
[Date "2022.08.23"]
[Round "1"]
[White "Woelk, Tom Frederic"]
[Black "Hardaway, Brewington"]
[Result "1-0"]
[WhiteElo "2292"]
[BlackElo "2166"]
[PlyCount "161"]
[EventDate "2022.08.23"]
[EventType "swiss (blitz)"]
[EventRounds "11"]
[EventCountry "USA"]
[SourceTitle "EXT 2023"]
[Source "ChessBase"]
[SourceDate "2022.10.05"]
[SourceVersion "1"]
[SourceVersionDate "2022.10.05"]
[SourceQuality "1"]

1. e4 c5 2. Nf3 e6 3. d4 cxd4 4. Nxd4 a6 5. Bd3 Bc5 6. Nb3 Ba7 7. Qg4 Qf6 8. 0-0 Nc6 9. Nc3 h5 10. Qe2 Nge7 11. Kh1 Ng6 12. f4 d6 13. Be3 Bxe3 14. Qxe3 Nce7 15. Na4 0-0 16. Nb6 Rb8 17. c3 e5 18. f5 Nf4 19. Bc4 h4 20. Rf2 Qh6 21. Rd1 Rd8 22. Rfd2 Bxf5 23. exf5 Nxf5 24. Qf2 Ng3+ 25. Kg1 Ne4 26. Qe3 Nxd2 27. Rxd2 a5 28. Nxa5 Nh3+ 29. Qxh3 Qxd2 30. Qxh4 Qe3+ 31. Qf2 Qxf2+ 32. Kxf2 Kf8 33. Bd5 Ke7 34. g4 g6 35. g5 Rh8 36. Kg3 Kd8 37. Nbc4 Ke7 38. Nxb7 Rhc8 39. Ncxd6 Rc7 40. c4 f5 41. gxf6+ Kxf6 42. b4 e4 43. Bxe4 Ke5 44. c5 g5 45. Kg4 Rg7 46. c6 Rc7 47. b5 Ke6 48. b6 Rg7 49. c7 Rgg8 50. cxb8Q Rxb8 51. a4 Rh8 52. a5 Rh4+ 53. Kxg5 Rxh2 54. a6 Ra2 55. a7 Kd7 56. Nc5+ Kxd6 57. a8Q Rxa8 58. Bxa8 Kxc5 59. b7 Kb6 60. Kf6 Kc7 61. Ke6 Kb8 62. Kd7 Ka7 63. Kc8 Kb6 64. b8Q+ Ka5 65. Qb3 Ka6 66. Bb7+ Ka7 67. Qa4+ Kb6 68. Qa6+ Kc5 69. Qc6+ Kd4 70. Qd5+ Kc3 71. Qe4 Kb3 72. Qd4 Kc2 73. Qe3 Kb2 74. Qd3 Ka2 75. Qc3 Kb1 76. Qd2 Ka1 77. Bd5 Kb1 78. Be4+ Ka1 79. Bd5 Kb1 80. Bb3 Ka1 81. Qa2# 1-0

[Event "GER-chT U20"]
[Site "Kiel"]
[Date "2022.07.23"]
[Round "2.1"]
[White "Garbuz, Vitaliy"]
[Black "Woelk, Tom Frederic"]
[Result "1/2-1/2"]
[WhiteElo "2088"]
[BlackElo "2314"]
[PlyCount "180"]
[EventDate "2022.07.22"]
[EventType "team-swiss"]
[EventRounds "7"]
[EventCountry "GER"]
[SourceTitle "CBM 209 Extra"]
[Source "ChessBase"]
[SourceDate "2022.09.30"]
[SourceVersion "1"]
[SourceVersionDate "2022.09.30"]
[SourceQuality "1"]
[WhiteTeam "Brackel"]
[BlackTeam "Hamburger SK"]
[WhiteTeamCountry "GER"]
[BlackTeamCountry "GER"]

1. e4 c5 2. d4 cxd4 3. c3 Nf6 4. e5 Nd5 5. Nf3 e6 6. cxd4 d6 7. a3 Bd7 8. Bd3 Be7 9. 0-0 Bc6 10. Re1 Nd7 11. b4 a6 12. Nbd2 dxe5 13. dxe5 Nc3 14. Qc2 Rc8 15. Qxc3 Bxf3 16. Qd4 Bc6 17. Nc4 Nc5 18. Nd6+ Bxd6 19. exd6 Nxd3 20. Qxd3 Qf6 21. Be3 Qg6 22. Qxg6 hxg6 23. Bb6 Kd7 24. Bc7 Rh5 25. f3 Rch8 26. h3 Rd5 27. Rad1 Rhh5 28. Kf2 Ba4 29. Rxd5 Rxd5 30. Re3 Rd4 31. Re4 Rd2+ 32. Re2 Rd5 33. Re3 Bb5 34. g4 g5 35. Kg3 Rd1 36. h4 gxh4+ 37. Kxh4 Rg1 38. Kg5 Rh1 39. Kf4 Rh3 40. g5 Ba4 41. Kg4 Rh1 42. Kg3 Rg1+ 43. Kh4 f6 44. f4 Bd1 45. gxf6 gxf6 46. Rg3 Rh1+ 47. Rh3 Rf1 48. Kg3 Rf3+ 49. Kh2 Rxf4 50. Rh7+ Kc6 51. Bb8 Ba4 52. Rc7+ Kb6 53. Re7 Rd4 54. Rxe6 f5 55. Re7 Bc6 56. Bc7+ Kb5 57. Re5+ Ka4 58. Rxf5 Kxa3 59. Ba5 Rxd6 60. Rf4 Bb5 61. Bc7 Rd3 62. Ba5 Ka4 63. Bb6 Bc6 64. Bc5 Kb5 65. Rf5 Bd5 66. Bf8 Kc4 67. Kg1 Bc6 68. Kf2 Rb3 69. Rf4+ Kd5 70. Ke1 Rb2 71. Kd1 Ke6 72. Kc1 Rg2 73. Bc5 Ke5 74. Rf2 Rg6 75. Kb2 Kd5 76. Rd2+ Kc4 77. Bd6 Kb5 78. Bf8 Rg3 79. Bd6 Rf3 80. Rc2 Ka4 81. Rc3 Rf2+ 82. Rc2 Rf6 83. Be7 Re6 84. Bf8 a5 85. bxa5 Kxa5 86. Rc3 Ba4 87. Ka3 Re4 88. Bd6 b5 89. Bc7+ Ka6 90. Bd6 Ka5 1/2-1/2

[Event "GER-chT U20"]
[Site "Kiel"]
[Date "2022.07.23"]
[Round "1.1"]
[White "Woelk, Tom Frederic"]
[Black "Weller, Uli"]
[Result "1-0"]
[WhiteElo "2314"]
[BlackElo "2195"]
[PlyCount "117"]
[EventDate "2022.07.22"]
[EventType "team-swiss"]
[EventRounds "7"]
[EventCountry "GER"]
[SourceTitle "CBM 209 Extra"]
[Source "ChessBase"]
[SourceDate "2022.09.30"]
[SourceVersion "1"]
[SourceVersionDate "2022.09.30"]
[SourceQuality "1"]
[WhiteTeam "Hamburger SK"]
[BlackTeam "Augsburg"]
[WhiteTeamCountry "GER"]
[BlackTeamCountry "GER"]

1. e4 c5 2. Nf3 Nc6 3. d4 cxd4 4. Nxd4 g6 5. Nc3 Bg7 6. Be3 Nf6 7. Bc4 0-0 8. Bb3 d6 9. f3 Bd7 10. Qd2 a5 11. a4 Rc8 12. 0-0 Ne5 13. Qe2 Rxc3 14. bxc3 Qc7 15. c4 Rc8 16. Nb5 Bxb5 17. cxb5 Nfd7 18. Rad1 Nc4 19. Bd4 Nb2 20. Bxb2 Bxb2 21. f4 Nc5 22. Qc4 Nxb3 23. Qxc7 Rxc7 24. cxb3 Kg7 25. Rd5 Ba3 26. Rfd1 Rc3 27. R5d3 Bc5+ 28. Kf1 Rc2 29. R1d2 Rc1+ 30. Rd1 Rc2 31. Rf3 Kf6 32. Re1 b6 33. h4 h5 34. g3 Rb2 35. Re2 Rb1+ 36. Kg2 Rg1+ 37. Kh2 Rd1 38. f5 g5 39. e5+ dxe5 40. hxg5+ Kxg5 41. Rxe5 Rd2+ 42. Kh3 Bg1 43. f6+ Kg6 44. g4 Rh2+ 45. Kg3 h4+ 46. Kf4 exf6 47. Rd5 Re2 48. g5 Rg2 49. gxf6 Bh2+ 50. Ke3 Bg3 51. Rd8 Kh7 52. Rf8 Kg6 53. Rg8+ Kh6 54. Rg7 Rg1 55. Rxf7 h3 56. Rf8 h2 57. Rh8+ Kg6 58. f7 Bd6 59. Rg8+ 1-0

[Event "Bundesliga 2122"]
[Site "Germany"]
[Date "2022.05.29"]
[Round "10.8"]
[White "Hoffmann, Paul"]
[Black "Woelk, Tom Frederic"]
[Result "1-0"]
[WhiteElo "2378"]
[BlackElo "2315"]
[PlyCount "57"]
[EventDate "2022.03.05"]
[EventType "team-tourn"]
[EventRounds "15"]
[EventCountry "GER"]
[SourceTitle "EXT 2023"]
[Source "ChessBase"]
[SourceDate "2022.10.05"]
[SourceVersion "1"]
[SourceVersionDate "2022.10.05"]
[SourceQuality "1"]
[WhiteTeam "Dresden TU"]
[BlackTeam "Hamburger SK"]
[WhiteTeamCountry "GER"]
[BlackTeamCountry "GER"]

1. e4 c5 2. Nf3 e6 3. g3 Nc6 4. Bg2 Nf6 5. d3 d5 6. Nbd2 Be7 7. 0-0 0-0 8. a4 a6 9. Re1 Rb8 10. e5 Nd7 11. Nf1 b5 12. axb5 axb5 13. h4 Qc7 14. Bf4 d4 15. N1h2 Nb6 16. Ng5 Bxg5 17. hxg5 Ne7 18. Qh5 Ng6 19. Ng4 Nd5 20. Bd2 Nb4 21. Re2 Bb7 22. Bxb4 cxb4 23. f4 Ra8 24. Rf1 Ra2 25. Bxb7 Qxb7 26. Nf6+ gxf6 27. gxf6 Ne7 28. Qg5+ Ng6 29. Qh6 1-0

[Event "Hamburg HSK GM"]
[Site "Hamburg"]
[Date "2022.05.26"]
[Round "8"]
[White "Souleidis, Georgios"]
[Black "Woelk, Tom Frederic"]
[Result "1-0"]
[WhiteElo "2430"]
[BlackElo "2315"]
[PlyCount "101"]
[EventDate "2022.05.20"]
[EventType "tourn"]
[EventRounds "9"]
[EventCountry "GER"]
[EventCategory "8"]
[SourceTitle "CBM 208 Extra"]
[Source "ChessBase"]
[SourceDate "2022.07.31"]
[SourceVersion "1"]
[SourceVersionDate "2022.07.31"]
[SourceQuality "1"]

1. e4 c5 2. Nf3 e6 3. d4 cxd4 4. Nxd4 Nc6 5. Nc3 Qc7 6. f4 a6 7. Nxc6 Qxc6 8. Bd3 b5 9. Qe2 Bb7 10. Bd2 Bb4 11. 0-0-0 Nf6 12. Rhe1 Be7 13. a3 b4 14. axb4 Bxb4 15. Kb1 0-0 16. g4 d5 17. e5 d4 18. Ne4 Nxe4 19. Bxe4 Qb6 20. Bxb4 Qxb4 21. Bxb7 Rab8 22. Qe4 Rfd8 23. Rd3 Qxb7 24. Qxb7 Rxb7 25. Red1 Rdb8 26. b3 g5 27. Rxd4 gxf4 28. Rxf4 Rb5 29. Rd7 Rf8 30. Re4 a5 31. Kb2 Rfb8 32. Ka3 Rc5 33. c4 Kg7 34. Ra7 Kg6 35. h4 Kg7 36. g5 Kg6 37. Rf4 Rxe5 38. Rfxf7 Re3 39. Rg7+ Kf5 40. Rxa5+ e5 41. Rb5 Re8 42. Rxh7 Rg3 43. Rbb7 e4 44. Rhe7 Ra8+ 45. Kb4 e3 46. g6 Kg4 47. g7 Kxh4 48. Re4+ Kh3 49. Rbe7 Rb8+ 50. Kc5 Rxb3 51. Rxe3 1-0